000 00920nas a2200253 4500
001 BR0801487
003 BR-BrBNA
005 20231205111701.0
007 ta
008 230509b bl.|||p| |||| 00| 00por d
040 _aBR-BrBNA
_bpor
_cBiblioteca Nacional de Agricultura
041 _a(Pt)
072 _aL40; L60
100 1 _aMejdalani, G.
245 1 _aMorfologia externa dos Cicadellinae (Homoptera, Cicadellidae): comparação entre Versigonalia Ruficauda (Walker)(Cicadellini)e Tretogonia Cribrata Melichar (Proconiini), com notas sobre outras espécies e análise da terminologia
650 _aTAXONOMIA ANIMAL
650 _aMORFOLOGIA ANIMAL
650 _aHOMOPTERO
650 _aTERMINOLOGIA
650 _aINSETO
773 0 _tRevista Brasileira de Zoologia (Brazil)
_xISSN 0101-8175
_g(Jun 1998), v. 15(2) p. 451-544
_wBR0801487
909 _a202311
_bLúcia
_c55
_dLúcia Elande
942 _2AGRIS
_n0
_cANA
999 _c193943
_d193943